| 000 | 00995nam a2200301 a 4500 | ||
|---|---|---|---|
| 001 | |||
| 003 | DO-SdBNP | ||
| 005 | 20221214090311.0 | ||
| 008 | 100913s2006 dr 000 0 spa d | ||
| 020 | _a9945410105 | ||
| 040 |
_aBPMSU _bspa _cBPMSU |
||
| 082 | 4 |
_a923.1097293 _bB171I 2066 _222 |
|
| 100 | 1 |
_aInfante, Fernando, _d1935- |
|
| 245 | 1 | 0 |
_a12 años de Balaguer : _bcronología histórica 1966-1978 / _cFernando Infante. |
| 246 | 1 | 2 | _aLos doce años de Balaguer : |
| 260 |
_aSanto Domingo : _bLetra Gráfica, _c2006. |
||
| 300 |
_a478 p. ; _c18 cm. |
||
| 490 | 0 | _aL. G. Breve | |
| 500 | _aIncluye índice onomástico | ||
| 500 | _aIncluye datos biográficos del autor en la contracubierta. | ||
| 590 | _6Inventariado, 2022/VM | ||
| 600 | 1 | 4 |
_a Balaguer, Joaquín, _d1906-2002 _vCronología |
| 650 | 4 | _aEstadistas dominicanos | | |
| 650 | 4 |
_aPolítica dominicana _y1966-1978 |
|
| 651 | 4 |
_aRepública Dominicana _xPolítica y gobierno |
|
| 910 | _aVMateo V. /Validado | ||
| 942 |
_2ddc _cBK |
||
| 999 |
_c14360 _d14360 |
||